Central Library OPAC University of Rajshahi

Postharvest handling of tropical fruits : (Record no. 37468)

MARC details
000 -LEADER
fixed length control field 01321nam a2200313 a 4500
001 - CONTROL NUMBER
control field 37468
003 - CONTROL NUMBER IDENTIFIER
rucl marc code BD-RjUL
005 - DATE AND TIME OF LATEST TRANSACTION
control field 20211209052619.0
008 - FIXED-LENGTH DATA ELEMENTS--GENERAL INFORMATION
fixed length control field 150120s1994 aca b f100 0 eng d
020 ## - INTERNATIONAL STANDARD BOOK NUMBER
International Standard Book Number 1863201017
035 ## - SYSTEM CONTROL NUMBER
System control number 1864753
040 ## - CATALOGING SOURCE
Original cataloging agency ABN:1
Language of cataloging eng
Transcribing agency ABN:1
Modifying agency NSL:R
-- ANL
041 ## - LANGUAGE CODE
Language code of text/sound track or separate title eng
082 04 - DEWEY DECIMAL CLASSIFICATION NUMBER
Classification number 634.66
Edition number 20
Author mark and year POS 1994
245 00 - TITLE STATEMENT
Title Postharvest handling of tropical fruits :
Remainder of title proceedings of an international conference held at Chiang Mai, Thailand, 19-23 July 1993 /
Statement of responsibility, etc. editors: B.R. Champ, E. Highley, and G.I. Johnson.
260 ## - PUBLICATION, DISTRIBUTION, ETC. (IMPRINT)
Place of publication, distribution, etc. Canberra :
Name of publisher, distributor, etc. Australian Centre for International Agricultural Research,
Date of publication, distribution, etc. [1994]
300 ## - PHYSICAL DESCRIPTION
Pagination 500 p. ;
Size 24 cm.
500 ## - GENERAL NOTE
General note Sponsors: Department of Agriculture, Thailand ... [et al]
504 ## - BIBLIOGRAPHY, ETC. NOTE
Bibliography, etc Includes bibliographies.
540 ## - TERMS GOVERNING USE AND REPRODUCTION NOTE
Jurisdiction Australian Centre for International Agrucultural Research, GPO Box 1571, Canberra, ACT 2601.
650 #0 - SUBJECT ADDED ENTRY--TOPICAL TERM
Topical term or geographic name as entry element Tropical fruit
General subdivision Postharvest technology
-- Congresses.
9 (RLIN) 115071
700 1# - ADDED ENTRY--PERSONAL NAME
Personal name Champ, B. R.
Fuller form of name (Bruce R.)
Personal name Highley, E.
Personal name Johnson, G. I.
Fuller form of name (Gregory Ian),
Dates associated with a name 1952-
710 1# - ADDED ENTRY--CORPORATE NAME
Corporate name or jurisdiction name as entry element Thailand.
Subordinate unit Krom Wichakan Kaset.
9 (RLIN) 115073
Corporate name or jurisdiction name as entry element Australian Centre for International Agricultural Research.
9 (RLIN) 114930
942 ## - ADDED ENTRY ELEMENTS (KOHA)
Source of classification or shelving scheme Dewey Decimal Classification
Koha item type Books
Holdings
Lost status Source of classification or shelving scheme Damaged status Not for loan Permanent Location Current Location Shelving location Date acquired Total Checkouts Full call number Date last seen Copy number Koha item type
  Dewey Decimal Classification   Not For Loan Institute of Biological Sciences (IBSc) Library Institute of Biological Sciences (IBSc) Library   20/01/2015   634.66 POS 1994 20/01/2015 C-1 Books